000 00483nam a2200145Ia 4500
008 230917s9999||||xx |||||||||||||| ||und||
040 _e68447
_aMAIN
041 _aEnglish
082 _a330.9 I8E
100 _aMatthews, R C O, ed
245 0 _aEconomic growth and resources: proceedings of the 5th world congress of the international economic association held in Tokyo, Japan, v2- trends and factors
260 _aLondon
_bMacmillan
_c1980
300 _axiv, 335 p.
942 _cBK
999 _c216097
_d216097